Skryté nástrahy rozhodovania
Rozhodovací proces. Faktory, ktoré ovplyvňujú rozhodovací proces. Dôležitosť motivačných stimulov. Pôsobenie stresu. Kultúrne rozdiely a ich vplyv na rozhodovanie. Negatívna a pozitívna spätná väzba pri rozhodovaní. Podnikateľské rozhodovanie a dosiahnutie certifikátu systému manažérstva kvality.
Enregistré dans:
| Auteur principal: | |
|---|---|
| Format: | Chapitre de livre |
| Langue: | slovaque |
| Sujets: | |
| Tags: |
Pas de tags, Soyez le premier à ajouter un tag!
|
MARC
| LEADER | 00000naa a2200000 4500 | ||
|---|---|---|---|
| 001 | 0136777 | ||
| 005 | 20240502072530.9 | ||
| 041 | 0 | |a slo | |
| 044 | |a SK | ||
| 245 | 1 | 0 | |a Skryté nástrahy rozhodovania |c Peter Jamnický |
| 520 | |a Rozhodovací proces. Faktory, ktoré ovplyvňujú rozhodovací proces. Dôležitosť motivačných stimulov. Pôsobenie stresu. Kultúrne rozdiely a ich vplyv na rozhodovanie. Negatívna a pozitívna spätná väzba pri rozhodovaní. Podnikateľské rozhodovanie a dosiahnutie certifikátu systému manažérstva kvality. | ||
| 610 | 2 | 0 | |a rozhodovanie manažérske |
| 610 | 2 | 0 | |a riadenie podnikové |
| 610 | 2 | 0 | |a kultúra |
| 610 | 2 | 0 | |a stresy |
| 610 | 2 | 0 | |a väzba spätná |
| 610 | 2 | 0 | |a kvalita |
| 610 | 2 | 0 | |a riadenie kvality |
| 100 | 1 | |a Jamnický, Peter | |